<?xml version="1.0" encoding="UTF-8"?>
<record
    xmlns:xsi="http://www.w3.org/2001/XMLSchema-instance"
    xsi:schemaLocation="http://www.loc.gov/MARC21/slim http://www.loc.gov/standards/marcxml/schema/MARC21slim.xsd"
    xmlns="http://www.loc.gov/MARC21/slim">

  <leader>00720nam a2200181Ia 4500</leader>
  <controlfield tag="008">090124s9999    xx            000 0 und d</controlfield>
  <datafield tag="082" ind1=" " ind2=" ">
    <subfield code="b">120258</subfield>
  </datafield>
  <datafield tag="100" ind1=" " ind2=" ">
    <subfield code="a">&#x92A;&#x93E;&#x927;&#x94D;&#x92F;&#x947; &#x92D;&#x93E;&#x90A; ( &#x92A;&#x94D;&#x930;&#x92D;&#x93E;&#x915;&#x930; &#x928;&#x93E;&#x930;&#x93E;&#x92F;&#x923; )</subfield>
  </datafield>
  <datafield tag="245" ind1=" " ind2=" ">
    <subfield code="a"> &#x93E;&#x932;&#x940;&#x92A;&#x940;&#x920; ( &#x905; &#x935;&#x94D;&#x92F;&#x92D;&#x93F;&#x91A;&#x93E;&#x930; &#x915;&#x925;&#x93E; )</subfield>
  </datafield>
  <datafield tag="250" ind1=" " ind2=" ">
    <subfield code="a">1</subfield>
  </datafield>
  <datafield tag="260" ind1=" " ind2=" ">
    <subfield code="c">1984</subfield>
  </datafield>
  <datafield tag="300" ind1=" " ind2=" ">
    <subfield code="a">183</subfield>
  </datafield>
  <datafield tag="600" ind1=" " ind2=" ">
    <subfield code="a">&#x92A;&#x93E;&#x927;&#x94D;&#x92F;&#x947; &#x92D;&#x93E;&#x90A; ( &#x92A;&#x94D;&#x930;&#x92D;&#x93E;&#x915;&#x930; &#x928;&#x93E;&#x930;&#x93E;&#x92F;&#x923; )</subfield>
  </datafield>
  <datafield tag="630" ind1=" " ind2=" ">
    <subfield code="a"> &#x93E;&#x932;&#x940;&#x92A;&#x940;&#x920; ( &#x905; &#x935;&#x94D;&#x92F;&#x92D;&#x93F;&#x91A;&#x93E;&#x930; &#x915;&#x925;&#x93E; )</subfield>
  </datafield>
  <datafield tag="700" ind1=" " ind2=" ">
    <subfield code="a">&#x92A;&#x93E;&#x927;&#x94D;&#x92F;&#x947; &#x92D;&#x93E;&#x90A; ( &#x92A;&#x94D;&#x930;&#x92D;&#x93E;&#x915;&#x930; &#x928;&#x93E;&#x930;&#x93E;&#x92F;&#x923; )</subfield>
  </datafield>
  <datafield tag="730" ind1=" " ind2=" ">
    <subfield code="a"> &#x93E;&#x932;&#x940;&#x92A;&#x940;&#x920; ( &#x905; &#x935;&#x94D;&#x92F;&#x92D;&#x93F;&#x91A;&#x93E;&#x930; &#x915;&#x925;&#x93E; )</subfield>
  </datafield>
  <datafield tag="942" ind1=" " ind2=" ">
    <subfield code="c">BOOK</subfield>
  </datafield>
  <datafield tag="999" ind1=" " ind2=" ">
    <subfield code="c">166344</subfield>
    <subfield code="d">166344</subfield>
  </datafield>
  <datafield tag="952" ind1=" " ind2=" ">
    <subfield code="0">0</subfield>
    <subfield code="1">0</subfield>
    <subfield code="4">0</subfield>
    <subfield code="7">0</subfield>
    <subfield code="a">THNMGS</subfield>
    <subfield code="b">THNMGS</subfield>
    <subfield code="d">0000-00-00</subfield>
    <subfield code="g">35.00</subfield>
    <subfield code="l">0</subfield>
    <subfield code="o">120258</subfield>
    <subfield code="p">THNMGS-120258</subfield>
    <subfield code="r">2009-01-24 00:00:00</subfield>
    <subfield code="v">35.00</subfield>
    <subfield code="w">2009-01-24</subfield>
    <subfield code="y">BOOK</subfield>
  </datafield>
</record>
